00568nam a2200217Ia 4500003000400000005001700004008004100021020001400062040000700076041001200083082001800095100002600113245006300139250000600202260004300208300003200251365001300283650001200296650001500308700002700323OSt20250715175111.0210423s2005 xx 000 0 und d a812290905 cAL aEnglish a070.41 bPATE aBenton Rain Patterson aEditor in chiefb: a management guide for magazine editors a2 aNew DelhibSurjeeth Publicationsc2005 avii,200p.bPBc22.5x15.3cm. b225cINR aEditing aJournalism aPatterson, Coleman E P